| 000 | 00440nam a22001697a 4500 | ||
|---|---|---|---|
| 003 | MACL | ||
| 005 | 20160730113606.0 | ||
| 008 | 160730b xxu||||| |||| 00| 0 eng d | ||
| 040 | _cMACL | ||
| 041 | _aHindi | ||
| 082 | _a900 BOS | ||
| 100 |
_aSingh, Ranbir _93775 |
||
| 245 |
_aIndo-Pak Relations _bPast, Present And Future _cRanbir Singh |
||
| 260 |
_aNew Delhi _bKritika Books _c2010 |
||
| 650 |
_aHistory _965721 |
||
| 942 |
_2ddc _cBK |
||
| 999 |
_c55293 _d55293 |
||